000 00373nam a2200145Ia 4500
008 240126s9999 xx 000 0 und d
022 _a9702628
041 _aEnglish
245 0 _aStandards India (2007 -
260 _bBureau of Indian Standard,
_aNew Delhi
440 _aNULL
520 _aSubs. No : 122 SI/P-0011
650 _aStandards,India,(2007,-
942 _cJN
999 _c266800
_d266800